Prefix Click Quiz: H - Statistics

General Stats
  • This quiz has been taken 195 times
  • The average score is 11 of 15
Answer Stats
Hint Answer % Correct
Water Hydr-
93%
Half Hemi-
85%
Sun Heli-
80%
Grass Herb-
79%
Winter Hibern-
79%
Blood Hem-
77%
Different Heter-
75%
Greece Hell-
73%
Same Hom-
73%
Over Hyper-
72%
Horse Hipp-
71%
Under Hypo-
67%
Sleep Hypn-
62%
Holy Hier-
60%
Garden Hort-
54%
No matching quizzes found
Score Distribution
Percent of People with Each Score
Percentile by Number Answered
Your Score History
You have not taken this quiz